[Event "Serbia Central Cup"]
[Site "Kragujevac"]
[Date "2018.05.01"]
[Round "4"]
[White "Djoric, Hadzi Goran"]
[Black "Mitrovic, Radomir"]
[Result "0-1"]
[WhiteElo "2080"]
[BlackElo "1973"]
[PlyCount "42"]
[EventDate "2018.04.29"]
[EventType "swiss"]
[EventRounds "6"]
[EventCountry "SRB"]
[SourceTitle "CBM 184 Extra"]
[Source "ChessBase"]
[SourceDate "2018.06.28"]
[SourceVersion "1"]
[SourceVersionDate "2018.06.28"]
[SourceQuality "1"]

1. d4 d5 2. Bf4 e6 3. Nf3 a6 4. e3 c5 5. c3 Nf6 6. Bd3 c4 7. Bc2 Nc6 8. Nbd2 Be7 9. Ne5 0-0 10. 0-0 Bd7 11. e4 b5 12. Re1 dxe4 13. Nxd7 Qxd7 14. Nxe4 Nd5 15. Bd2 f5 16. Ng3 g6 17. Qe2 Kf7 18. b3 Nb6 19. Qf3 Kg7 20. Re2 Rfe8 21. Rae1 Bf6 0-1

[Event "Vojvodina-ch 7th"]
[Site "Novi Sad"]
[Date "2016.07.20"]
[Round "8"]
[White "Djoric, Hadzi Goran"]
[Black "Brajic, Miloje"]
[Result "0-1"]
[WhiteElo "2129"]
[BlackElo "2238"]
[PlyCount "50"]
[EventDate "2016.07.15"]
[EventType "swiss"]
[EventRounds "9"]
[EventCountry "YUG"]
[SourceTitle "CBM 173 Extra"]
[Source "ChessBase"]
[SourceDate "2016.08.29"]
[SourceVersion "1"]
[SourceVersionDate "2016.08.29"]
[SourceQuality "1"]

1. d4 Nf6 2. Nf3 e6 3. h3 c5 4. e3 Nc6 5. a3 d5 6. b3 Bd6 7. Bb2 cxd4 8. exd4 0-0 9. Bd3 Qc7 10. 0-0 e5 11. dxe5 Nxe5 12. Nxe5 Bxe5 13. Bxe5 Qxe5 14. Nd2 Re8 15. Qf3 Ne4 16. Rad1 Bf5 17. Qe3 Qf6 18. Qf3 Qg5 19. Nb1 Re6 20. Rfe1 Rh6 21. Kf1 Rf6 22. Qe3 Qxe3 23. Rxe3 Nxf2 24. Kxf2 Bxd3+ 25. Kg1 Bxc2 0-1

[Event "Vojvodina-ch 7th"]
[Site "Novi Sad"]
[Date "2016.07.16"]
[Round "2"]
[White "Djoric, Hadzi Goran"]
[Black "Cabarkapa, Novak"]
[Result "1/2-1/2"]
[WhiteElo "2129"]
[BlackElo "2424"]
[PlyCount "44"]
[EventDate "2016.07.15"]
[EventType "swiss"]
[EventRounds "9"]
[EventCountry "YUG"]
[SourceTitle "CBM 173 Extra"]
[Source "ChessBase"]
[SourceDate "2016.08.29"]
[SourceVersion "1"]
[SourceVersionDate "2016.08.29"]
[SourceQuality "1"]

1. d4 Nf6 2. Nf3 g6 3. Bf4 Bg7 4. h3 0-0 5. e3 c5 6. c3 cxd4 7. exd4 d6 8. Bd3 Nc6 9. 0-0 Nh5 10. Bh2 e5 11. dxe5 dxe5 12. Re1 Re8 13. Na3 Nf4 14. Bxf4 exf4 15. Rxe8+ Qxe8 16. Qd2 Qd8 17. Rd1 Qf6 18. Bc4 a6 19. Qd6 Qxd6 20. Rxd6 Kf8 21. Bd5 Ke7 22. Nc4 Nd8 1/2-1/2

[Event "Veliko Gradiste Silver Lake op"]
[Site "Veliko Gradiste"]
[Date "2016.06.25"]
[Round "8"]
[White "Djokic, Nebojsa"]
[Black "Djoric, Hadzi Goran"]
[Result "1-0"]
[WhiteElo "2265"]
[BlackElo "2115"]
[PlyCount "103"]
[EventDate "2016.06.19"]
[EventType "swiss"]
[EventRounds "9"]
[EventCountry "SRB"]
[SourceTitle "EXT 2017"]
[Source "ChessBase"]
[SourceDate "2016.10.25"]
[SourceVersion "1"]
[SourceVersionDate "2016.10.25"]
[SourceQuality "1"]

1. e4 c6 2. d4 d5 3. Nc3 dxe4 4. Nxe4 Nf6 5. Nxf6+ exf6 6. c3 Bd6 7. Bd3 0-0 8. Ne2 Re8 9. 0-0 Nd7 10. Ng3 g6 11. Ne4 Be7 12. f4 f5 13. Ng5 h6 14. Nf3 Nf6 15. Ne5 Be6 16. Qf3 Bd5 17. Qh3 h5 18. b3 a5 19. Bb2 Kg7 20. c4 Be6 21. Rad1 Qc7 22. Kh1 a4 23. Bc2 a3 24. Ba1 Red8 25. Qf3 Rac8 26. Rd3 b5 27. Rfd1 Qb7 28. h3 Kh7 29. R3d2 b4 30. Re2 Bf8 31. Qg3 Re8 32. Rde1 Qe7 33. Nf3 Bh6 34. Ng5+ Bxg5 35. fxg5 Ne4 36. Bxe4 fxe4 37. Rxe4 Qd7 38. Qe3 Qd6 39. d5 cxd5 40. Qd4 Rg8 41. Re5 Qc5 42. cxd5 Qxd4 43. Bxd4 Bf5 44. Re7 Rgf8 45. R1e2 Kg8 46. Bf6 Rc5 47. Rd2 Rd8 48. Rb7 Bc8 49. Rb8 Rd7 50. Re2 Kf8 51. Rxb4 Rdxd5 52. Be7+ 1-0

[Event "Veliko Gradiste Silver Lake op"]
[Site "Veliko Gradiste"]
[Date "2016.06.20"]
[Round "3"]
[White "Djoric, Hadzi Goran"]
[Black "Sredojevic, Ivan"]
[Result "0-1"]
[WhiteElo "2115"]
[BlackElo "2361"]
[PlyCount "74"]
[EventDate "2016.06.19"]
[EventType "swiss"]
[EventRounds "9"]
[EventCountry "SRB"]
[SourceTitle "EXT 2017"]
[Source "ChessBase"]
[SourceDate "2016.10.25"]
[SourceVersion "1"]
[SourceVersionDate "2016.10.25"]
[SourceQuality "1"]

1. d4 d6 2. h3 g6 3. Nf3 Bg7 4. Bf4 Nd7 5. e3 e5 6. Bg5 f6 7. Bh4 Qe7 8. Nc3 c6 9. dxe5 dxe5 10. Bc4 Nc5 11. b4 Na4 12. Ne4 Nb2 13. Nd6+ Kf8 14. Qd2 Nxc4 15. Nxc4 Be6 16. Na5 Nh6 17. e4 Nf7 18. 0-0 Rd8 19. Qc3 Nd6 20. Rfe1 g5 21. Bg3 Kf7 22. a4 h5 23. h4 g4 24. Nd2 Kg6 25. Rad1 Bh6 26. Ndb3 Nxe4 27. Qa1 Rxd1 28. Qxd1 Rd8 29. Qa1 Qxb4 30. c4 Nxg3 31. fxg3 Rd3 32. Kh2 Bf5 33. Rf1 b6 34. Nxc6 Qd6 35. Nxa7 Rxb3 36. Qa2 Qd3 37. Qf2 Bf4 0-1

[Event "SRB-CupT Central Serbia"]
[Site "Serbia"]
[Date "2014.05.04"]
[Round "8.8"]
[White "Djoric, Hadzi Goran"]
[Black "Milosevic, Aleksandar"]
[Result "1/2-1/2"]
[WhiteElo "2151"]
[BlackElo "2308"]
[PlyCount "52"]
[EventDate "2014.03.23"]
[EventType "team"]
[EventRounds "8"]
[EventCountry "SRB"]
[SourceTitle "EXT 2015"]
[Source "ChessBase"]
[SourceDate "2014.11.20"]
[SourceVersion "1"]
[SourceVersionDate "2014.11.20"]
[SourceQuality "1"]

1. e4 c5 2. Nf3 e6 3. d4 cxd4 4. Nxd4 a6 5. c4 Nf6 6. Nc3 Bb4 7. Qc2 Nc6 8. Nxc6 dxc6 9. Bd3 e5 10. 0-0 Nd7 11. a3 Bc5 12. Ne2 Nf8 13. b4 Bb6 14. Bb2 Qg5 15. c5 Bc7 16. Qc1 Qxc1 17. Raxc1 Ne6 18. Bc4 Ke7 19. g3 g5 20. Kg2 Bd7 21. Rcd1 Rad8 22. f3 h5 23. h3 h4 24. g4 Bc8 25. Kf2 f6 26. Bc1 Rhe8 1/2-1/2